| 000 | 00824cam a2200193 4500 | ||
|---|---|---|---|
| 001 | WB3701-42 | ||
| 008 | 000000n2000 000 0 eng u | ||
| 035 | _a(Sirsi) u110161 | ||
| 245 | _aHelp for farmers making losses | ||
| 260 | _c2000 | ||
| 490 |
_aMAFF News Release _v(447) 18 December 2000, (1) |
||
| 520 | _aThe Inland Revenue has published an extra statutory concession relaxing the rules governing the treatment of farming losses, increasing from five to seven the number of consecutive years during which farming losses can be offset against other sources of income. The concession will only apply for the tax years 2000/2001 and 2001/2002. | ||
| 590 | _aWB | ||
| 650 | _aFARM LOSSES | ||
| 650 | _aTAX CONCESSIONS | ||
| 650 | _aINCOME TAX RELIEF | ||
| 690 | _aRURAL-FARM BUSINESS MANAGEMENT | ||
| 942 | _n0 | ||
| 999 |
_c65697 _d65697 |
||